Подробности
| 000 -МАРКЕР |
| контрольное поле |
01780nam0a22003131 4500 |
| 001 - ИДЕНТИФИКАТОР ЗАПИСИ |
| контрольное поле |
RU\NLR\INFOCOMM_223\5000047077 |
| 005 - ИДЕНТИФИКАТОР ВЕРСИИ |
| контрольное поле |
20250613094308.0 |
| 035 ## - ДРУГИЕ СИСТЕМНЫЕ НОМЕРА |
| Идентификатор записи |
(NLR Aleph) 009250166 |
| 100 ## - ДАННЫЕ ОБЩЕЙ ОБРАБОТКИ |
| Данные общей обработки |
20100724d1970 |||y0rusy50 ca |
| 101 0# - ЯЗЫК РЕСУРСА |
| Язык текста, звукозаписи и т.д. |
французский |
| 102 ## - СТРАНА ПУБЛИКАЦИИ ИЛИ ПРОИЗВОДСТВА |
| Страна публикации |
российская федерация |
| 105 ## - ПОЛЕ КОДИРОВАННЫХ ДАННЫХ: ТЕКСТОВЫЕ МАТЕРИАЛЫ, МОНОГРАФИЧЕСКИЕ |
| Кодированные данные о монографическом текстовом документе |
y ||||000|y |
| 200 1# - ЗАГЛАВИЕ И СВЕДЕНИЯ ОБ ОТВЕТСТВЕННОСТИ |
| Основное заглавие |
Les principes fondamentaux, l'orientation et les formes de la coopération de l'Union Soviétique avec les pays en voie de développement |
| Первые сведения об ответственности |
[Par] D. Degtiar ... |
| Последующие сведения об ответственности |
Partie soviétique du Séminaire international de l'ONU sur le problèmes de la coop. techn. et financière pour les représentants des pays en voie de développement d'Afrique, d'Asie et d'Amérique Latine sur les thème: "L'aide techno. et financière soviétique aux pays en voie de développement. Les méthodes du développement économique de l'URSS" |
| 210 ## - ПУБЛИКАЦИЯ, РАСПРОСТРАНЕНИЕ И ДР. |
| Место издания, распространения и т.д. |
Μ. |
| Имя издателя, распространителя и т. д. |
Acad. des sciences de l'USSR |
| Дата издания, распространения и т.д. |
1970 |
| 215 ## - ФИЗИЧЕСКАЯ ХАРАКТЕРИСТИКА |
| Специфическое обозначение материала и объем |
35 с. |
| Размеры |
20 см |
| 309 ## - ПРИМЕЧАНИЯ ОБ ОСНОВНОМ ИСТОЧНИКЕ ИНФОРМАЦИИ И ОБ ОСОБЕННОСТЯХ ПОЛИГРАФИЧЕСКОГО ОФОРМЛЕНИЯ ИЗДАНИЯ |
| Текст примечания |
Отпечат. множит. аппаратом |
| 606 ## - НАИМЕНОВАНИЕ ТЕМЫ КАК ПРЕДМЕТ |
| Наименование темы |
Развивающиеся страны |
| Тематический подзаголовок |
Экономические взаимоотношения |
| Географический подзаголовок |
СССР |
| Код системы |
nlr_sh1 |
| 607 ## - ГЕОГРАФИЧЕСКОЕ НАИМЕНОВАНИЕ КАК ПРЕДМЕТ |
| Географическое наименование |
СССР |
| Тематический подзаголовок |
Экономические взаимоотношения |
| -- |
Развивающиеся страны |
| Код системы |
nlr_sh1 |
| 686 ## - ИНДЕКСЫ ДРУГИХ КЛАССИФИКАЦИЙ |
| Индекс |
Э1-301-25 |
| Код системы |
|
| 686 ## - ИНДЕКСЫ ДРУГИХ КЛАССИФИКАЦИЙ |
| Индекс |
Э1-70 |
| Код системы |
|
| 700 #1 - ИМЯ ЛИЦА - ПЕРВИЧНАЯ ОТВЕТСТВЕННОСТЬ |
| Системный номер авторитетной/нормативной записи |
z01790 |
| Начальный элемент ввода |
Degtjar' |
| Часть имени, кроме начального элемента ввода |
D. D. |
| Даты |
1904- |
| Расширение инициалов личного имени |
Dmitrij Danilovič |
| Код отношения |
Автор |
| 712 12 - НАИМЕНОВАНИЕ ОРГАНИЗАЦИИ - ВТОРИЧНАЯ ОТВЕТСТВЕННОСТЬ |
| Начальный элемент ввода |
Séminaire international sur les problèmes de la coopération technique et financière pour les représentants des pays en voie de développement d'Asie, d'Afrique et d'Amérique Latine |
| Дата проведения временной организации |
1970 |
| Код отношения |
Прочие |
| 790 #1 - ИМЯ ЛИЦА - АЛЬТЕРНАТИВНАЯ ФОРМА |
| Системный номер авторитетной/нормативной записи |
z01700 |
| Начальный элемент ввода |
Degtiar |
| Часть имени, кроме начального элемента ввода |
D. |
| Код отношения |
Автор |
| 801 #1 - ИСТОЧНИК ЗАПИСИ |
| Страна |
российская федерация |
| Организация |
NLR |
| Дата составления |
20100724 |
| 801 #0 - ИСТОЧНИК ЗАПИСИ |
| Страна |
российская федерация |
| Организация |
NLR |
| Правила каталогизации |
PSBO |
| 852 ## - МЕСТОНАХОЖДЕНИЕ И ШИФР ХРАНЕНИЯ |
| Идентификатор организации |
NLR |
| Шифр хранения (Call Number) |
Эк21 Д-4/98 |
| 942 ## - ДОПОЛНИТЕЛЬНЫЕ ЭЛЕМЕНТЫ ЗАПИСИ (АБИС) |
| Тип экземпляра АБИС |
Книга |
| 980 ## - КОЛЛЕКЦИЯ |
| Название коллекции |
Национальная библиография |